书目信息 |
| 题名: |
全球化视野下的生产者责任
|
|
| 作者: | 童昕 著 | |
| 分册: | ||
| 出版信息: | 长春 吉林大学出版社 2015.12 |
|
| 页数: | 182页 | |
| 开本: | 26cm | |
| 丛书名: | ||
| 单 册: | ||
| 中图分类: | X76 | |
| 科图分类: | ||
| 主题词: | 机械工业--废物处理 , 机械工业--废物综合利用 , 仪表工业--废物处理 , 仪表工业--废物综合利用 | |
| 电子资源: | ||
| ISBN: | 7-5534-9794-0 | |
| 000 | 00830nam0 2200241 450 | |
| 001 | 188 | |
| 005 | 20160906093152.96 | |
| 010 | @a7-5534-9794-0@dCNY62.00 | |
| 100 | @a20160721d2015 km y0chiy0120 ea | |
| 101 | 0 | @achi |
| 102 | @aCN@b220000 | |
| 200 | 1 | @a全球化视野下的生产者责任@Aquan qiu hua shi ye xia de sheng chan zhe ze ren@e电子废物跨境转移及我国的对策研究@f童昕著@Ftong xin zhu |
| 210 | @a长春@c吉林大学出版社@d2015.12 | |
| 215 | @a182页@d26cm | |
| 517 | 1 | @a电子废物跨境转移及我国的对策研究@Adian zi fei wu kua jing zhuan yi ji wo guo de dui ce yan jiu |
| 606 | 0 | @a机械工业@x废物处理 |
| 606 | 0 | @a机械工业@x废物综合利用 |
| 606 | 0 | @a仪表工业@x废物处理 |
| 606 | 0 | @a仪表工业@x废物综合利用 |
| 690 | @aX76@v4 | |
| 701 | 0 | @a童昕@Atong xin@4著 |
| 801 | 0 | @aCN@b唐山师范学院图书馆@c20160721 |
| 905 | @aZUCC@dX76@e192 | |
| 全球化视野下的生产者责任:电子废物跨境转移及我国的对策研究/童昕著.-长春:吉林大学出版社,2015.12 |
| 182页;26cm |
| ISBN 7-5534-9794-0:CNY62.00 |
| ● |
| 相关链接 |
|
|
|
|
正题名:全球化视野下的生产者责任
索取号:X76/192
 
预约/预借
| 序号 | 登录号 | 条形码 | 馆藏地/架位号 | 状态 | 备注 |
| 1 | 900782 | 209007821 | 第二样本阅览室/ [索取号:X76/192] | 在馆 | |
| 2 | 900783 | 209007830 | 第三借阅区/ [索取号:X76/192] | 在馆 | |
| 3 | 900784 | 209007849 | 第三借阅区/ [索取号:X76/192] | 在馆 | |
| 4 | 900785 | 209007858 | 第三借阅区/ [索取号:X76/192] | 在馆 | |
| 5 | 900786 | 209007867 | 第三借阅区/ [索取号:X76/192] | 在馆 |